000 002640000a22000970004500
100 1 _aShea, William H.
245 1 0 _aThe khirbet El-Qom tomb inscription again
300 _aVol. 40, Num. 1 (Enero, 1990), Páginas 110-116
773 0 _tVetus Testamentum
942 _cANA
999 _c57612
_d57612